| 000 | 00509cam a2200193ua 4500 | ||
|---|---|---|---|
| 020 |
_a81 224 1034 0 _c135.00 |
||
| 041 |
_aeng _h |
||
| 082 |
_a519.72 _bSHE/LI |
||
| 100 | _aShenoy, G V . | ||
| 245 |
_aLinear programming: methods and applications / _cG V Shenoy. _hTextual Documents |
||
| 250 |
_a2 / _b. |
||
| 260 |
_aNew Delhi : _bNew Age International Ltd , _c1998. |
||
| 300 | _a223 ; . | ||
| 365 | _a135.00 | ||
| 504 | _a | ||
| 942 | _cBK | ||
| 999 |
_c9848 _d9848 |
||